| Tag |
First Indicator |
Second Indicator |
Subfields |
| LEADER |
00000cas a2200000 a 4500 |
| 001 |
in00001403069 |
| 005 |
20151020054151.0 |
| 008 |
801013d19381958ndubr p 0 a0eng d |
| 035 |
|
|
|a (OCoLC)06819439
|
| 035 |
|
|
|9 AHN0612AM
|
| 040 |
|
|
|a EEM
|c EEM
|d TXA
|d UtOrBLW
|
| 049 |
|
|
|a TXAE
|
| 090 |
|
|
|a S99
|b .E165
|
| 092 |
|
|
|a 630.72
|b N87bi
|
| 110 |
2 |
|
|a North Dakota Agricultural Experiment Station (Fargo)
|
| 245 |
1 |
0 |
|a Bimonthly bulletin.
|
| 264 |
|
1 |
|a Fargo, North Dakota :
|b North Dakota Agricultural Experiment Station,
|c 1938-1958.
|
| 300 |
|
|
|a 20 volumes :
|b illustrations ;
|c 23 cm.
|
| 310 |
|
|
|a Bimonthly
|
| 336 |
|
|
|a text
|b txt
|2 rdacontent
|
| 337 |
|
|
|a unmediated
|b n
|2 rdamedia
|
| 338 |
|
|
|a volume
|b nc
|2 rdacarrier
|
| 362 |
0 |
|
|a Vol. 1, no. 1 (Sept. 1938)-v. 20, no. 3 (Jan./Feb. 1958).
|
| 500 |
|
|
|a Title from cover.
|
| 650 |
|
0 |
|a Agriculture
|z North Dakota
|x Periodicals.
|
| 650 |
|
0 |
|a Agriculture
|x Research x Periodicals.
|
| 785 |
0 |
0 |
|t North Dakota farm research
|x 0097-5338
|w (OCoLC)1760621
|
| 948 |
|
|
|a t1
|
| 999 |
|
|
|a MARS
|
| 999 |
f |
f |
|s 7cdf486f-999e-3a0d-8753-aa15502fc6e8
|i c1bbd5b7-8735-372b-a885-d398d545cfe2
|t 0
|
| 952 |
f |
f |
|p ric
|a Texas A&M University
|b Rellis Campus
|c Joint Library Facility
|d Remote Storage
|t 0
|e S99 .E165
|h Library of Congress classification
|i unmediated -- volume
|k v.18-20
|l 1955/1956-1957/1959
|m A14842221773
|
| 952 |
f |
f |
|p ric
|a Texas A&M University
|b Rellis Campus
|c Joint Library Facility
|d Remote Storage
|t 0
|e S99 .E165
|h Library of Congress classification
|i unmediated -- volume
|k v.16:no.1,3-v.17:no.6
|l 1953:Sept./Oct.,1954:Jan./Feb.-1955:July/Aug.
|m A14842221781
|
| 952 |
f |
f |
|p ric
|a Texas A&M University
|b Rellis Campus
|c Joint Library Facility
|d Remote Storage
|t 0
|e S99 .E165
|h Library of Congress classification
|i unmediated -- volume
|k v.12:no.1-3,5,v.13:no.1-3,5-v.15:no.6
|l 1949:Sept./Oct.-1950:Jan/Feb.,May/June,Sept/Oct..-1951:Jan./Feb.,May/June-1953:J
|m A14842221799
|
| 952 |
f |
f |
|p ric
|a Texas A&M University
|b Rellis Campus
|c Joint Library Facility
|d Remote Storage
|t 0
|e S99 .E165
|h Library of Congress classification
|i unmediated -- volume
|k v.8-11
|l 1945/1946-1948/1949
|m A14842221807
|
| 952 |
f |
f |
|p ric
|a Texas A&M University
|b Rellis Campus
|c Joint Library Facility
|d Remote Storage
|t 0
|e S99 .E165
|h Library of Congress classification
|i unmediated -- volume
|k v.1-4
|l 1938/1939-1941/1942
|m A14842221690
|
| 952 |
f |
f |
|p ric
|a Texas A&M University
|b Rellis Campus
|c Joint Library Facility
|d Remote Storage
|t 0
|e S99 .E165
|h Library of Congress classification
|i unmediated -- volume
|k v.5-7
|l 1942/1943-1944/1945
|m A14842221815
|
| 998 |
f |
f |
|a S99 .E165
|s v.17-20 (1954/1955-1957/1958)
|t 0
|l Remote Storage
|